000 00507nam a2200181Ia 4500
008 090123s9999 xx 000 0 und d
082 _b34910
100 _aशेवते अरुण
245 _aस्नेहरंग
250 _a0
260 _bदिलिप प्रकाशन
_c2003
300 _a167
600 _aशेवते अरुण
630 _aस्नेहरंग
700 _aशेवते अरुण
730 _aस्नेहरंग
942 _cBOOK
999 _c72969
_d72969